000
00233nam a22001097a 4500
040
_c
DLC
082
_a
891.4391
_b
DAG
100
_a
Dag
_9
87233
245
_a
Intikhaab Qalam Dagh
_c
Mir Taqi Mir
260
_a
?
_b
?
_c
?
942
_2
ddc
_c
BK
999
_c
587484
_d
587484